Catàleg de serveis de l'Àrea de Benestar Social / Diputació de Barcelona
Descripción Física:
[54] f. en una carpeta : taules ; 32 cm
MARC
| LEADER | 00000nam a2200000Ia 4500 | ||
|---|---|---|---|
| 001 | 18207 | ||
| 008 | 160829s2003 xx 000 0 cat d | ||
| 080 | |a FOL-3-2 | ||
| 110 | 1 | |a Barcelona (Catalunya : Província). |b Àrea de Benestar Social |9 52988 | |
| 245 | |a Catàleg de serveis de l'Àrea de Benestar Social / Diputació de Barcelona | ||
| 260 | |a Barcelona : |b Diputació de Barcelona. Àrea de Benestar Social, |c 2003 | ||
| 300 | |a [54] f. en una carpeta : |b taules ; |c 32 cm | ||
| 650 | |a Barcelona. Diputació. Àrea de Benestar Social |x Catàlegs |9 23026 | ||
| 901 | |a Arxiu | ||
| 942 | |n 1 | ||
| 952 | |0 0 |1 0 |4 0 |6 FOL32 |7 1 |9 42477 |a Arxiu |b Arxiu |d 2016-12-01 |l 0 |o FOL-3-2 |p 18207 |r 2016-12-01 00:00:00 |w 2016-12-01 |y ARXIU | ||
| 999 | |c 44982 |d 44982 | ||